| 000 | 00743nam a2200241 i 4500 | ||
|---|---|---|---|
| 001 | 77584 | ||
| 003 | ES-MaACL | ||
| 005 | 20240224063105.0 | ||
| 007 | t| | ||
| 008 | 041022s2004 sp ||||1| spa d | ||
| 020 | _a84-8306-555-X | ||
| 080 | _a821.111-95"19" | ||
| 100 | 0 |
_aSaid, Edward W., _d1935-2003 _9101485 |
|
| 245 | 1 | 3 |
_aEl mundo, el texto y el crítico / _cEdward W. Said ; traducción de Ricardo García Pérez. |
| 250 | _a1ª ed. en esta colección. | ||
| 260 |
_a[Barcelona] : _bDebate, _c2004. |
||
| 300 |
_a430 p. ; _c22 cm. |
||
| 490 | 1 | _aReferencias | |
| 700 | 1 |
_aGarcía Pérez, Ricardo. _9137803 |
|
| 830 | 0 |
_aReferencias _9176615 |
|
| 852 |
_aES-MaACL _jL-28351 _bR.134258 |
||
| 999 |
_c77584 _d77584 |
||